00786nas a2200217Ia 4500001001100000003000900011008004100020040001300061040001300074041001300087100004600100210003700146222003700183245013800220250001100358260002600369501008600395300001700481362002700498650004300525R111/44665IT-RoPAU151124c99999999xx |||||||||||| ||und|| aIT-RoPAU cIT-RoPAU aITALIANO aModesti MassimogCodice Aut. SPICS: 30332 aCOMUNICAZIONE DI MASSA (SUGARCO) aComunicazione Di Massa (Sugarco) aCOMUNICAZIONE DI MASSA (SUGARCO), ANNO 02-VOL.3 (1981)bControllo Preventivo E Controllo Successivo: la Televisione E Gli Altri Mezzi a1a ed. aMILANObSUGARCOc1981 bPaulus - SPICS - Società San Paolo EM (non-commercial uses only)cCopyright2015 a6 p. [19-24] aANNO 002, VOL.3 (1981) aCOMUNICAZIONEvPUBBLICAZIONE PERIODICA